000 01070nam a2200229 i 4500
001 187416
003 SpMaBN
005 20250823002624.0
008 170703s1969 sp ac |||| |dspa d
080 _a75.041.5:061.43(460.27 M.)"1969"
245 0 3 _aEl retrato /
_cComisaría General de Exposiciones de la Dirección General de Bellas Artes del Ministerio de Educación y Ciencia, en colaboración con la Confederación Española de Cajas de Ahorro ; [textos], Luis González Robles y Joaquín de la Fuente.
260 _a[Madrid] :
_bComisaría General de Exposiciones de la Dirección General de Bellas Artes del Ministerio de Educación y Ciencia,
_c[1969]
300 _a50 p. :
_bil. ;
_c25 cm.
650 4 _aRetratos-
_zEspaña-
_vExposiciones.
_9163331
655 7 _2tgfbne
_9193628
_aCatálogos de exposiciones
700 1 _aGonzález Robles, Luis.
_958916
700 1 _aPuente, Joaquín de la.
_994146
710 1 _aEspaña.
_bComisaría General de Exposiciones
_93633
852 _aES-MaACL
_jL-31757
942 _2udc
999 _c187416
_d187416